| 000 | 00686nam a2200169 i 4500 | ||
|---|---|---|---|
| 001 | 158131 | ||
| 003 | ES-MaACL | ||
| 005 | 20230906211029.0 | ||
| 008 | 051003s1904 sp | |||||||| ||spa d | ||
| 040 |
_aCAM _bspa _cCAM |
||
| 100 | 1 |
_aLosada Castro, Manuel. _974266 |
|
| 245 | 1 | 0 |
_aEstudio químico-farmaceútico de la cicuta _b: memoria de investigación práctica presentada para el grado de doctor en Farmacia / _cpor Manuel Losada Castro. |
| 260 |
_aMadrid : _bImprenta y librería de Micolás Moya, _c1904. |
||
| 300 |
_a37 p. ; _c25 cm. |
||
| 650 | 4 |
_aCicuta. _9135764 |
|
| 852 |
_aES-MaACL _jT-1050-F-14 _z-- Enc. hol., conservando la enc. original _z-- Enc. en un vol. facticio |
||
| 999 |
_c158131 _d158131 |
||